000 00751nam a2200193Ii 4500
003 JO-AjNU
008 230605s9999||||xx |||||||||||||| ||und||
040 _aJO-AjNU
_bara
_erda
_cJO-AjNU
041 _aara
050 1 4 _aKRM4254.A4564.1997
100 3 _aعلى ، عبدالسلام على,
_eauthor
_916684
245 0 0 _aجريمة النشل بين المعرفة والوقاية
264 3 1 _aالقاهرة : مكتبة النهضة المصرية ، 1997
300 _a118ص
_bيشتمل على مراجع ببلوغرافية باللغة العربية والأجنبية ص (112-118)
336 _atext
_btxt
_2rdacontent
337 _aunmediated
_bn
_2rdamedia
338 _avolume
_bnc
_2rdacarrier
650 4 _aجريمة النشل
_916685
999 _aA4999
_c8567
_d8567